<?xml version="1.0" encoding="UTF-8"?><marc:collection xmlns:marc="http://www.loc.gov/MARC21/slim">
  <marc:record>
    <marc:leader>01849nam#a2200469#cb4500</marc:leader>
    <marc:controlfield tag="001">990131609190203331</marc:controlfield>
    <marc:controlfield tag="003">AT-OBV</marc:controlfield>
    <marc:controlfield tag="005">20230612185132.0</marc:controlfield>
    <marc:controlfield tag="007">cr#|||||||||||</marc:controlfield>
    <marc:controlfield tag="007">tu</marc:controlfield>
    <marc:controlfield tag="008">161205|2016####|||###########|||#|#ger#c</marc:controlfield>
    <marc:controlfield tag="009">AC13394800</marc:controlfield>
    <marc:datafield tag="020" ind1=" " ind2=" ">
      <marc:subfield code="a">9783939347156</marc:subfield>
    </marc:datafield>
    <marc:datafield tag="035" ind1=" " ind2=" ">
      <marc:subfield code="a">(AT-OBV)AC13394800</marc:subfield>
    </marc:datafield>
    <marc:datafield tag="035" ind1=" " ind2=" ">
      <marc:subfield code="a">AC13394800</marc:subfield>
    </marc:datafield>
    <marc:datafield tag="035" ind1=" " ind2=" ">
      <marc:subfield code="a">(Aleph)013160919ACC01</marc:subfield>
    </marc:datafield>
    <marc:datafield tag="035" ind1=" " ind2=" ">
      <marc:subfield code="a">(DE-599)BVBBV043903296</marc:subfield>
    </marc:datafield>
    <marc:datafield tag="040" ind1=" " ind2=" ">
      <marc:subfield code="a">TUG</marc:subfield>
      <marc:subfield code="b">ger</marc:subfield>
      <marc:subfield code="d">TUG</marc:subfield>
      <marc:subfield code="e">rda</marc:subfield>
    </marc:datafield>
    <marc:datafield tag="041" ind1=" " ind2=" ">
      <marc:subfield code="a">ger</marc:subfield>
    </marc:datafield>
    <marc:datafield tag="044" ind1=" " ind2=" ">
      <marc:subfield code="c">XA-DE</marc:subfield>
    </marc:datafield>
    <marc:datafield tag="084" ind1=" " ind2=" ">
      <marc:subfield code="a">XE 5600</marc:subfield>
      <marc:subfield code="2">rvk</marc:subfield>
    </marc:datafield>
    <marc:datafield tag="245" ind1="0" ind2="0">
      <marc:subfield code="a">Empfehlungen für die Probenahme zur Gefahrenabwehr im Bevölkerungsschutz</marc:subfield>
      <marc:subfield code="b">zur Analytik von chemischen, biologischen und radioaktiven Kontaminationen</marc:subfield>
      <marc:subfield code="c">Redationsteam/Autoren: Udo Bachmann, Narid Derakshani, Matthias Drobig [und 7 weitere] ; Coautoren: Jens-Tarek Eisheh [und 4 weitere]</marc:subfield>
    </marc:datafield>
    <marc:datafield tag="250" ind1=" " ind2=" ">
      <marc:subfield code="a">2. Auflage</marc:subfield>
    </marc:datafield>
    <marc:datafield tag="264" ind1=" " ind2="1">
      <marc:subfield code="a">Bonn</marc:subfield>
      <marc:subfield code="b">Bundesamt für Bevölkerungsschutz und Katastrophenhilfe</marc:subfield>
      <marc:subfield code="c">[2016]</marc:subfield>
    </marc:datafield>
    <marc:datafield tag="264" ind1=" " ind2="4">
      <marc:subfield code="c">© 2016</marc:subfield>
    </marc:datafield>
    <marc:datafield tag="300" ind1=" " ind2=" ">
      <marc:subfield code="a">213 Seiten</marc:subfield>
      <marc:subfield code="b">Illustrationen</marc:subfield>
    </marc:datafield>
    <marc:datafield tag="336" ind1=" " ind2=" ">
      <marc:subfield code="b">txt</marc:subfield>
    </marc:datafield>
    <marc:datafield tag="337" ind1=" " ind2=" ">
      <marc:subfield code="b">n</marc:subfield>
    </marc:datafield>
    <marc:datafield tag="338" ind1=" " ind2=" ">
      <marc:subfield code="b">nc</marc:subfield>
    </marc:datafield>
    <marc:datafield tag="490" ind1="1" ind2=" ">
      <marc:subfield code="a">Forschung im Bevölkerungsschutz</marc:subfield>
      <marc:subfield code="v">Band 5</marc:subfield>
    </marc:datafield>
    <marc:datafield tag="689" ind1="0" ind2="0">
      <marc:subfield code="a">Deutschland</marc:subfield>
      <marc:subfield code="D">g</marc:subfield>
      <marc:subfield code="0">(DE-588)4011882-4</marc:subfield>
    </marc:datafield>
    <marc:datafield tag="689" ind1="0" ind2="1">
      <marc:subfield code="a">ABC-Schutz</marc:subfield>
      <marc:subfield code="D">s</marc:subfield>
      <marc:subfield code="0">(DE-588)4000054-0</marc:subfield>
    </marc:datafield>
    <marc:datafield tag="689" ind1="0" ind2="2">
      <marc:subfield code="a">Kontamination</marc:subfield>
      <marc:subfield code="D">s</marc:subfield>
      <marc:subfield code="0">(DE-588)4032272-5</marc:subfield>
    </marc:datafield>
    <marc:datafield tag="689" ind1="0" ind2="3">
      <marc:subfield code="a">Probenahme</marc:subfield>
      <marc:subfield code="D">s</marc:subfield>
      <marc:subfield code="0">(DE-588)4047319-3</marc:subfield>
    </marc:datafield>
    <marc:datafield tag="689" ind1="0" ind2="4">
      <marc:subfield code="a">Richtlinie</marc:subfield>
      <marc:subfield code="A">f</marc:subfield>
    </marc:datafield>
    <marc:datafield tag="700" ind1="1" ind2=" ">
      <marc:subfield code="a">Bachmann, Udo</marc:subfield>
      <marc:subfield code="4">edt</marc:subfield>
      <marc:subfield code="4">aut</marc:subfield>
    </marc:datafield>
    <marc:datafield tag="700" ind1="1" ind2=" ">
      <marc:subfield code="a">Derakshani, Nahid</marc:subfield>
      <marc:subfield code="4">edt</marc:subfield>
      <marc:subfield code="4">aut</marc:subfield>
    </marc:datafield>
    <marc:datafield tag="700" ind1="1" ind2=" ">
      <marc:subfield code="a">Drobig, Matthias</marc:subfield>
      <marc:subfield code="4">edt</marc:subfield>
      <marc:subfield code="4">aut</marc:subfield>
    </marc:datafield>
    <marc:datafield tag="700" ind1="1" ind2=" ">
      <marc:subfield code="a">Eisheh, Jens-Tarek</marc:subfield>
      <marc:subfield code="d">1969-</marc:subfield>
      <marc:subfield code="0">(DE-588)131954113</marc:subfield>
      <marc:subfield code="4">aut</marc:subfield>
    </marc:datafield>
    <marc:datafield tag="710" ind1="2" ind2=" ">
      <marc:subfield code="a">Deutschland</marc:subfield>
      <marc:subfield code="b">Bundesamt für Bevölkerungsschutz und Katastrophenhilfe</marc:subfield>
      <marc:subfield code="0">(DE-588)10081295-8</marc:subfield>
      <marc:subfield code="4">isb</marc:subfield>
    </marc:datafield>
    <marc:datafield tag="830" ind1=" " ind2="0">
      <marc:subfield code="w">(AT-OBV)AC07478545</marc:subfield>
      <marc:subfield code="v">5</marc:subfield>
    </marc:datafield>
    <marc:datafield tag="856" ind1="4" ind2=" ">
      <marc:subfield code="u">http://www.bbk.bund.de/SharedDocs/Downloads/BBK/DE/Publikationen/PublikationenForschung/Fib_Band5_2teAuflage.pdf?__blob=publicationFile</marc:subfield>
      <marc:subfield code="x">Verlag</marc:subfield>
      <marc:subfield code="z">kostenfrei</marc:subfield>
      <marc:subfield code="3">Volltext</marc:subfield>
    </marc:datafield>
  </marc:record>
</marc:collection>
